Every mainline Mario Kart game - Statistics

General Stats
  • This quiz has been taken 15 times
  • The average score is 7 of 9
Answer Stats
Year Answer % Correct
2014 Mario Kart 8
100%
2011 Mario Kart 7
93%
2008 Mario Kart Wii
93%
2017 Mario Kart 8 Deluxe
87%
2005 Mario Kart DS
87%
2003 Mario Kart Double Dash
80%
1992 Super Mario Kart
80%
1996 Mario Kart 64
73%
2001 Mario Kart Super Circuit
33%
No matching quizzes found
Score Distribution
Percent of People with Each Score
Percentile by Number Answered
Your Score History
You have not taken this quiz